00729 a2200193 4500003000500000005001700005010001600022020001500038040000900053082001400062100001900076245006600095250001200161260004200173300004000215505023400255650002200489700002400511NUST20221114144749.0 a 91037218 a067338392X cNust00a512.5,MOO1 aMoore, Hal G.,12aA first course in linear algebra /cHal G. Moore, Adil Yaqub. a2nd ed. aNew York, NY :bHarperCollins,c1992. axv, 491, 56, 4 p. :bill. ;c25 cm. aSystems of Linear Equations and Matrices (Page-1), Determinants (Page-102), Vector Spaces (Page-148), Liner Product Spaces (Page-212), Linear Transformation (Page-296), Eigen values Eigenvectors and Some Application (Page-374).  0aAlgebras, Linear.1 aYaqub, Adil,d1928-